Statistics for 2023年西亚百万人口城市

Click here to take the quiz!

General Stats

  • This quiz has been taken 121 times
  • The average score is 25 of 49

Answers on the Map

Answers color-coded by a green-red scale on the quiz's map according to % correct below.
 

Answer Stats

人口(万)城市% Correct
104耶路撒冷
99%
1610伊斯坦布尔 / 盖布泽
99%
520安卡拉
97%
1620德黑兰 / 卡拉季
96%
660迪拜 / 沙迦
94%
174阿布扎比
94%
915利雅得
93%
380大马士革
92%
420科威特城
90%
750巴格达
89%
292.5特拉维夫 / 雅法
85%
232.5麦加
81%
267.5巴库
79%
245多哈
79%
169麦地那
72%
212.5加沙
71%
186贝鲁特
71%
140第比利斯
64%
307.5萨那
64%
550吉达
64%
585安曼
63%
147马斯喀特
58%
151埃里温
54%
335伊斯法罕
54%
155麦纳麦
53%
190阿勒颇
53%
163巴士拉
52%
302.5伊兹密尔
51%
191大不里士
51%
188设拉子
47%
149摩苏尔
38%
335马什哈德
31%
139安塔利亚
31%
217.5布尔萨
27%
275达曼
26%
171加济安泰普
21%
178阿达纳
18%
111基尔库克
16%
139库姆
15%
117埃尔比勒
15%
137科尼亚
14%
113开塞利
13%
109迪亚巴克尔
12%
104梅尔辛
10%
148阿瓦士
10%
109克尔曼沙赫
7%
102胡富夫
7%
102伊尔比德
5%
101纳杰夫
5%

Score Distribution

Percentile by Number Answered

Percent of People with Each Score

Your Score History

You have not taken this quiz